| 000 | 00629nam a2200205Ia 4500 | ||
|---|---|---|---|
| 003 | GCL | ||
| 008 | 140319s9999 xx 000 0 ara d | ||
| 020 | _a9743801977 | ||
| 040 |
_aGCL / _cGCL |
||
| 082 | 0 | 4 |
_aق _b350.004 _bن ر |
| 100 | 1 | _aنورا راشد | |
| 245 | 1 | 0 |
_aرجال حول الرئيس / _cنورا راشد |
| 250 | _aالاولى | ||
| 260 |
_aالقاهرة : _bالهيئة المصرية العامة للكتاب ، _c1997 |
||
| 300 |
_a535 ص ؛ _c24 سم |
||
| 650 | 0 | 4 | _aرجال الدولة |
| 650 | 0 | 4 | _aالوزراء |
| 650 | 0 | 4 | _aالسلطة التنفيذية - مصر |
| 942 |
_2ddc _cBK |
||
| 999 |
_c49989 _d49989 |
||